<?xml version="1.0" encoding="UTF-8"?>
<record
    xmlns:xsi="http://www.w3.org/2001/XMLSchema-instance"
    xsi:schemaLocation="http://www.loc.gov/MARC21/slim http://www.loc.gov/standards/marcxml/schema/MARC21slim.xsd"
    xmlns="http://www.loc.gov/MARC21/slim">

  <leader>02575nam a2200361 a 4500</leader>
  <controlfield tag="001">ebr10752392</controlfield>
  <controlfield tag="003">CaPaEBR</controlfield>
  <controlfield tag="006">m     o  u        </controlfield>
  <controlfield tag="007">cr cn|||||||||</controlfield>
  <controlfield tag="008">111129s2012    nyuabf  sb    001 0 eng d</controlfield>
  <datafield tag="010" ind1=" " ind2=" ">
    <subfield code="z">  2011049186</subfield>
  </datafield>
  <datafield tag="020" ind1=" " ind2=" ">
    <subfield code="z">9789280812107 (pbk.)</subfield>
  </datafield>
  <datafield tag="020" ind1=" " ind2=" ">
    <subfield code="z">9789280871791 (e-book)</subfield>
  </datafield>
  <datafield tag="040" ind1=" " ind2=" ">
    <subfield code="a">CaPaEBR</subfield>
    <subfield code="c">CaPaEBR</subfield>
  </datafield>
  <datafield tag="035" ind1=" " ind2=" ">
    <subfield code="a">(OCoLC)802251482</subfield>
  </datafield>
  <datafield tag="043" ind1=" " ind2=" ">
    <subfield code="a">a-ja---</subfield>
  </datafield>
  <datafield tag="050" ind1="1" ind2="4">
    <subfield code="a">GF91.J3</subfield>
    <subfield code="b">S28 2012eb</subfield>
  </datafield>
  <datafield tag="082" ind1="0" ind2="4">
    <subfield code="a">304.20952</subfield>
    <subfield code="2">23</subfield>
  </datafield>
  <datafield tag="245" ind1="0" ind2="0">
    <subfield code="a">Satoyama--satoumi ecosystems and human well-being</subfield>
    <subfield code="h">[electronic resource] :</subfield>
    <subfield code="b">socio-ecological production landscapes of Japan /</subfield>
    <subfield code="c">edited by Anantha Kumar Duraiappah ... [et al.].</subfield>
  </datafield>
  <datafield tag="260" ind1=" " ind2=" ">
    <subfield code="a">New York :</subfield>
    <subfield code="b">United Nations University Press,</subfield>
    <subfield code="c">2012.</subfield>
  </datafield>
  <datafield tag="300" ind1=" " ind2=" ">
    <subfield code="a">xxx, 480 p., [8] p. of plates :</subfield>
    <subfield code="b">ill. (some col.), col. maps.</subfield>
  </datafield>
  <datafield tag="504" ind1=" " ind2=" ">
    <subfield code="a">Includes bibliographical references and index.</subfield>
  </datafield>
  <datafield tag="505" ind1="0" ind2=" ">
    <subfield code="a">The Japanese satoyama and satoumi assessment: objectives, focus and approach / Anantha Kumar Duraiappah and Koji Nakamura -- Satoyama and satoumi, and ecosystem services: a conceptual framework / Osamu Saito and Hideaki Shibata -- What are the key drivers of change and current status of satoyama and satoumi? / Toshiya Okuro ... [et al.] -- Why is change to satoyama and satoumi a concern? / Takakazu Yumoto -- What and how effective have the main responses to address changes in satoyama and satoumi been? / Toshimori Takahashi -- What are the futures of satoyama and satoumi? / Shizuka Hashimoto -- Conclusion / Kazuhiko Takeuchi, Masataka Watanabe and Maiko Nishi -- Hokkaido cluster / Tetsuya Kondo and Taisuke Miyauchi -- Tohoku cluster / Takaaki Koganezawa and Tohru Nakashizuka -- Hokushinetsu cluster / Koji Nakamura and Shigeyuki Yamamoto -- Kanto--Chubu cluster: the future of satoyama, satoumi and cities / Tatsuhiro Ohkubo and Satoru Sadohara -- Western Japan cluster / Tomoya Akimichi and Yukihiro Morimoto -- Western Japan cluster: Seto inland sea as satoumi / Osamu Matsuda.</subfield>
  </datafield>
  <datafield tag="533" ind1=" " ind2=" ">
    <subfield code="a">Electronic reproduction.</subfield>
    <subfield code="b">Palo Alto, Calif. :</subfield>
    <subfield code="c">ebrary,</subfield>
    <subfield code="d">2013.</subfield>
    <subfield code="n">Available via World Wide Web.</subfield>
    <subfield code="n">Access may be limited to ebrary affiliated libraries.</subfield>
  </datafield>
  <datafield tag="650" ind1=" " ind2="0">
    <subfield code="a">Landscape assessment</subfield>
    <subfield code="z">Japan.</subfield>
  </datafield>
  <datafield tag="650" ind1=" " ind2="0">
    <subfield code="a">Landscape protection</subfield>
    <subfield code="z">Japan.</subfield>
  </datafield>
  <datafield tag="650" ind1=" " ind2="0">
    <subfield code="a">Ecosystem services</subfield>
    <subfield code="z">Japan.</subfield>
  </datafield>
  <datafield tag="650" ind1=" " ind2="0">
    <subfield code="a">Biodiversity conservation</subfield>
    <subfield code="z">Japan.</subfield>
  </datafield>
  <datafield tag="655" ind1=" " ind2="7">
    <subfield code="a">Electronic books.</subfield>
    <subfield code="2">local</subfield>
  </datafield>
  <datafield tag="700" ind1="1" ind2=" ">
    <subfield code="a">Duraiappah, Anantha K.</subfield>
  </datafield>
  <datafield tag="710" ind1="2" ind2=" ">
    <subfield code="a">ebrary, Inc.</subfield>
  </datafield>
  <datafield tag="856" ind1="4" ind2="0">
    <subfield code="u">http://site.ebrary.com/lib/rucke/Doc?id=10752392</subfield>
    <subfield code="z">An electronic book accessible through the World Wide Web; click to view</subfield>
  </datafield>
  <datafield tag="999" ind1=" " ind2=" ">
    <subfield code="c">216506</subfield>
    <subfield code="d">216506</subfield>
  </datafield>
</record>
